000
00345 a2200169 4500
001
186144
020
_a
85-08-036-963-8
040
_c
Magnum
100
_a
Marques, Amadeu
240
1
0
_a
Fred´s boots
_l
ING
245
1
0
_a
Fred´s boots
300
_a
16
362
0
_a
1992
440
1
_a
Ática
697
_a
LITERATURA INGLESA
942
_c
BK
999
_c
186144
_d
186144